Prime Ayurvedic Plant Drugs: (Record no. 84784)

MARC details
000 -LEADER
fixed length control field 00724nam a22002057a 4500
005 - DATE AND TIME OF LATEST TRANSACTION
control field 20140603130648.0
010 ## - LCCN (DPL NO)
LC control number B-505512-517
020 ## - INTERNATIONAL STANDARD BOOK NUMBER
International Standard Book Number 9789380618180
Terms of availability 3995.00
035 ## - SYSTEM CONTROL NUMBER
System control number B-505512-517
037 ## - SOURCE OF ACQUISITION
Stock number dpl
Source of stock number/acquisition BSB/Ven
082 ## - DEWEY DECIMAL CLASSIFICATION NUMBER
Classification number 615.3210954
100 ## - MAIN ENTRY--PERSONAL NAME
Personal name Sukh Dev
245 ## - TITLE STATEMENT
Title Prime Ayurvedic Plant Drugs:
Remainder of title a modern scientific appraisal/
Statement of responsibility, etc by Sukh Dev
250 ## - EDITION STATEMENT
Edition statement 2nd Edn.
260 ## - PUBLICATION, DISTRIBUTION, ETC. (IMPRINT)
Place of publication, distribution, etc New Delhi
Name of publisher, distributor, etc Ane Books
Date of publication, distribution, etc 2012
270 ## - ADDRESS
Address 4821, Parwana Bhawan, Ist Floor, 24 Ansari Road, Darya Ganj
City New Delhi
Postal code 110002
300 ## - PHYSICAL DESCRIPTION
Extent 783p.:
Other physical details col.ill.
Dimensions 23cm(Hb)
942 ## - ADDED ENTRY ELEMENTS (KOHA)
Source of classification or shelving scheme Dewey Decimal Classification
Item type English Books
Classification part 615.3210954
Call number suffix SUK
Holdings
Withdrawn status Lost status Not for loan Collection code Home library Current library Date acquired Source of acquisition Cost, normal purchase price Full call number Barcode Copy number Cost, replacement price Koha item type
    Not For Loan Reference Central Library Central Library 03/06/2014 BSB/881/09.03.2013/169/08.03.2013/20.03.2013 3995.00 615.3210954 SUK B-505512 1 3995.00 English Books
    Not For Loan Reference Janak Puri Janak Puri 03/06/2014 BSB/881/09.03.2013/169/08.03.2013/20.03.2013 3995.00 615.3210954 SUK B-505514 1 3995.00 English Books
    Not For Loan Reference Karol Bagh Karol Bagh 03/06/2014 BSB/881/09.03.2013/169/08.03.2013/20.03.2013 3995.00 615.3210954 SUK B-505515 1 3995.00 English Books
    Not For Loan Reference Narela Narela 03/06/2014 BSB/881/09.03.2013/169/08.03.2013/20.03.2013 3995.00 615.3210954 SUK B-505516 1 3995.00 English Books
    Not For Loan Reference Patel Nagar Patel Nagar 03/06/2014 BSB/881/09.03.2013/169/08.03.2013/20.03.2013 3995.00 615.3210954 SUK B-505513 1 3995.00 English Books
      Non-fiction Shahdara Branch Shahdara Branch 03/06/2014 BSB/881/09.03.2013/169/08.03.2013/20.03.2013 3995.00 615.3210954 SUK B-505517 1 3995.00 English Books

© Delhi Public Library
Hit Counter
free hit counter